000
00283nam a22001097a 4500
082
_a
150/NEE
100
_a
Neelakantan, Anand
_9
82813
245
_a
THE ASURA WAY The Contrarian Path to Success
260
_a
Mumbai
_b
Jaico Publishing House
_c
2024
650
_a
Philosophy
942
_c
BK
999
_c
67535
_d
67535